| 000 | 02176nam a2200313Ia 4500 | ||
|---|---|---|---|
| 003 | CO-CtgCURN | ||
| 005 | 20250329173537.0 | ||
| 008 | 200803s2006 xx f 000 0 spa d | ||
| 020 | _a8448242289 | ||
| 040 |
_aCO-CtgCURN _bspa _ccoctgcurn |
||
| 082 |
_a610.73 _bH713t |
||
| 100 |
_a Hofstadt Román, Carlos J. van-der _eautor _94700 |
||
| 245 | 0 |
_aTécnicas de comunicación para profesionales de enfermería _h[electronic resource] / _cCarlos J. van-der Hofstadt Román ; Yolanda Quiles Marcos ; Mª José Quiles Sebastián |
|
| 260 |
_aEspaña : _bGeneralitat. Conselleria de Sanitat, _c2006 |
||
| 300 | _arecurso en línea (167 páginas) : | ||
| 336 |
_atexto _btxt |
||
| 337 |
_acomputador _bc |
||
| 338 |
_arecurso en línea _bcr |
||
| 504 | _aIncluye referencias bibliográficas (p. 159-167) | ||
| 505 | _aRelaciones interpersonales y comunicación -- Implicaciones en la práctica profesional de enfermería | ||
| 520 | _aLa Conselleria de Sanitat, consciente de la importancia de la cualificación profesional en el fortalecimiento de la competitividad de nuestra red asistencial, viene desde hace años dedicando una serie de esfuerzos organizativos, técnicos y económicos encaminados a dar respuestas cada vez más eficaces a las necesidades cambiantes del sector sanitario. En un contexto como en el que nos encontramos, caracterizado por la permanente innovación tecnológica y por los cambios profundos en el modelo de organización y gestión del trabajo, conceptos como cualificación, polivalencia, adaptabilidad o flexibilidad adquieren toda su dimensión y se convierten en referencias necesarias en cualquier política de recursos humanos que se considere seria y viable. | ||
| 590 | _aPrograma de Enfemería_27 | ||
| 650 |
_aTécnicas de comunicación _xEnfermería _94701 |
||
| 700 |
_aQuiles Marcos. Yolanda _eautora _94702 |
||
| 700 |
_aQuiles Sebastián, Mª José _eautora _94703 |
||
| 856 |
_uhttps://unicurn.sharepoint.com/:b:/s/biblioteca/Ed1ngW8IGw5Bli_tzLHXAj8BPMxGB2TgS39ubs8olbAxwQ?e=vYd6e5 _zVea este libro electrónico |
||
| 942 |
_cCF _h610.73 _iH713t _2ddc |
||
| 999 |
_c7806 _d7806 |
||